Iskola életközelben Egy tanulmány margójára /
Elmentve itt :
| Szerző: | |
|---|---|
| Dokumentumtípus: | Cikk |
| Megjelent: |
1971-05-01
|
| Sorozat: | Délmagyarország
61 No. 102 |
| Kulcsszavak: | nevelés, oktatás |
| Online Access: | http://dmarchiv.bibl.u-szeged.hu/91625 |
| LEADER | 00482nab a2200157 i 4500 | ||
|---|---|---|---|
| 001 | delm91625 | ||
| 005 | 20190424120900.0 | ||
| 008 | 190424s1971 hu o 0|| hun d | ||
| 040 | |a SZTE Délmagyarország Archívum |b hun | ||
| 041 | |a hun | ||
| 100 | 1 | |a Bánfalvi József | |
| 245 | 1 | 0 | |a Iskola életközelben |h [elektronikus dokumentum] : |b Egy tanulmány margójára / |c Bánfalvi József |
| 260 | |c 1971-05-01 | ||
| 300 | |a 4 | ||
| 490 | 0 | |a Délmagyarország |v 61 No. 102 | |
| 695 | |a nevelés, oktatás | ||